World trade report 2004: exploring the linkage between the domestic policy environment and international trade (Record no. 4128)

MARC details
000 -LEADER
fixed length control field 00704nam a2200217Ia 4500
020 ## - INTERNATIONAL STANDARD BOOK NUMBER
ISBN 92-870-1240-7
082 ## - DEWEY DECIMAL CLASSIFICATION NUMBER
Classification number 382.3 WOR-
245 #0 - TITLE STATEMENT
Title World trade report 2004: exploring the linkage between the domestic policy environment and international trade
260 ## - PUBLICATION, DISTRIBUTION, ETC. (IMPRINT)
Place of publication Geneva
Name of publisher World Trade Organization
Year of publication 2004
300 ## - PHYSICAL DESCRIPTION
Number of Pages xxvi, 249p.
504 ## - BIBLIOGRAPHY, ETC. NOTE
Bibliography, etc includes appendix and bibliography
650 ## - SUBJECT ADDED ENTRY--TOPICAL TERM
Topical Term International economic relations
650 ## - SUBJECT ADDED ENTRY--TOPICAL TERM
Topical Term Commercial policy
650 ## - SUBJECT ADDED ENTRY--TOPICAL TERM
Topical Term Macroeconomics
650 ## - SUBJECT ADDED ENTRY--TOPICAL TERM
Topical Term Foreign trade policy
650 ## - SUBJECT ADDED ENTRY--TOPICAL TERM
Topical Term World trade
650 ## - SUBJECT ADDED ENTRY--TOPICAL TERM
Topical Term Foreign trade
650 ## - SUBJECT ADDED ENTRY--TOPICAL TERM
Topical Term International trade
710 ## - ADDED ENTRY--CORPORATE NAME
Corporate name or jurisdiction name as entry element World Trade Organization; International tradepolicy
942 ## - ADDED ENTRY ELEMENTS (KOHA)
Koha item type Books
Holdings
Withdrawn status Lost status Damaged status Not for loan Home library Current library Date acquired Source of acquisition Bill Date Full call number Accession Number Price effective from Koha item type
        NASSDOC Library NASSDOC Library 16/03/2005 BW 2005-02-11 382.3 WOR- 40556 18/04/2019 Books